| 000 | 00722nam a22001937a 4500 | ||
|---|---|---|---|
| 999 |
_c175673 _d175673 |
||
| 005 | 20200914151651.0 | ||
| 010 | _aB-732625 | ||
| 020 |
_a9788193812280 _c795.00 |
||
| 035 | _aB-732625 | ||
| 037 | _bAtharv Publications | ||
| 082 | _a363.340954 | ||
| 100 | _aRamaiah, G. | ||
| 245 |
_aDisaster management in India / _cby G. Ramaiah |
||
| 260 |
_aNew Delhi _bAtharv Publications _c2019 |
||
| 270 |
_a110, 1st Floor, Gali No.4, Harphool Vihar, Bapraula _bNew Delhi _e110043 |
||
| 300 |
_axiii, 255p. _c22cm(Hb) |
||
| 942 |
_2ddc _cEN _h363.340954 _mRAM |
||